| 000 | 01409nam1a2200325 i 4500 | ||
|---|---|---|---|
| 001 | RU\NLR\BIBL_A\012555352 | ||
| 005 | 20260517063412.0 | ||
| 035 | _a(NLR Aleph) 012555352 | ||
| 090 |
_a12443748 _c12443748 |
||
| 100 | _a20210630g20209999em y0rusy50 ca | ||
| 101 | 0 | _arus | |
| 102 | _aRU | ||
| 105 | _a z | ||
| 181 | 0 |
_ai _baxxe |
|
| 182 | 0 | _an | |
| 200 | 1 |
_aПисьма _fИоанн Богомил _g[подготовка текстов: Артемисса Успенская и др. _gответственный редактор: Лариса Мелами] |
|
| 203 |
_aТекст _bвизуальный _cнепосредственный |
||
| 210 |
_aМосква _cМир Софии _d2020 |
||
| 215 | _d22 | ||
| 333 | _a18+ | ||
| 601 | 0 | 2 |
_aЦерковь Пресвятой Богородицы Преображающейся _92074278 _3RU\NLR\AUTH\661249266 |
| 686 | 2 | _aЭ372.248.9 | |
| 700 | 1 |
_7ca _8rus _aБереславский _bВ. Я. _cэзотерик, контактер, писатель _f1946- _gВениамин Яковлевич _9160270 _3RU\NLR\AUTH\770160311 |
|
| 702 | 1 |
_4220 _7ca _8rus _aУспенская _bА. _cтекстолог _gАртемисса _9237277 _3RU\NLR\AUTH\770237333 |
|
| 702 | 1 |
_aМелами _bЛ. _gЛариса _4340 |
|
| 852 |
_aNLR _j2021-5/5283 |
||
| 942 | _cBOOK | ||